Francouzské zdravotnictví.

Administratívna štruktúra francúzskeho zdravotníctva. Rozdelenie francúzskeho zdravotníctva na dva hlavné sektory: verejný (asi 70 perc.) a súkromný (asi 30 perc.). Systém poistenia. Vysoký podiel nákladov je hradený z poistenia. Zdravotné mapy ako základný nástroj riadenia a plánovania francúzskeho...

Descripción completa

Guardado en:
Detalles Bibliográficos
Autor principal: Kastnerová, H.
Otros Autores: Slavíková, B.
Formato: Capítulo de libro
Lenguaje:checo
Materias:
Etiquetas: Agregar Etiqueta
Sin Etiquetas, Sea el primero en etiquetar este registro!

MARC

LEADER 00000naa a2200000 4500
001 r009991
005 20220831084457.0
041 0 |a cze 
044 |a [CS] 
245 1 0 |a Francouzské zdravotnictví.  |c H. Kastnerová, B. Slavíková 
520 |a Administratívna štruktúra francúzskeho zdravotníctva. Rozdelenie francúzskeho zdravotníctva na dva hlavné sektory: verejný (asi 70 perc.) a súkromný (asi 30 perc.). Systém poistenia. Vysoký podiel nákladov je hradený z poistenia. Zdravotné mapy ako základný nástroj riadenia a plánovania francúzskeho zdravotníctva. 
610 2 0 |a zdravotníctvo 
610 2 0 |a Francúzsko 
610 2 0 |a štruktúra organizačná 
610 2 0 |a sektor verejný 
610 2 0 |a sektor súkromný 
610 2 0 |a poistenie 
610 2 0 |a nástroje riadenia 
610 2 0 |a nástroje plánovania 
610 2 0 |a poistenie nemocenské 
100 1 |a Kastnerová, H. 
700 1 |a Slavíková, B.